000 00342nam a2200145Ia 4500
008 151213s9999 xx 000 0 und d
100 _aG.A.Ckley
245 _aMacroeconomic theory
_cG.A.Ckley
260 _aU.S.A
_bMacmillan
_c1961
300 _a2752 p.
650 _aEconomics
650 _aEconomics
700 _aG.A.Ckley
999 _c1862
_d1862